Every 100,000+ City in Oman in Order - Statistics

General Stats
  • This quiz has been taken 15 times
    4 since last reset
  • The average score is 6 of 15
Answer Stats
Letter Population City % Correct
M 1,826,548 Muscat
100%
S 514,721 Salalah
67%
A-A 154,238 Al Amarat
33%
A-B 146,830 Al Buraimi
33%
A-S 110,577 Al Suwayq
33%
B 104,239 Bahla
33%
B 160,334 Barka
33%
I 103,845 Ibra
33%
I 168,113 Ibri
33%
J-B-B 170,064 Jalan Bani Buali
33%
R 128,422 Rustaq
33%
S 151,090 Saham
33%
S 476,315 Seeb
33%
S 247,095 Sohar
33%
S 142,890 Sur
33%
No matching quizzes found
Score Distribution
Percent of People with Each Score
Percentile by Number Answered
Your Score History
You have not taken this quiz since the last reset